All English Football Champions By Year - Statistics

General Stats
  • This quiz has been taken 7 times
  • The average score is 53 of 126
Answer Stats
Hint Answer % Correct
1990-91 Arsenal
100%
1997-98 Arsenal
100%
2001-02 Arsenal
100%
2003-04 Arsenal
100%
2004-05 Chelsea
100%
2005-06 Chelsea
100%
2009-10 Chelsea
100%
2014-15 Chelsea
100%
2016-17 Chelsea
100%
2015-16 Leicester City
100%
2019-20 Liverpool
100%
2024-25 Liverpool
100%
2011-12 Manchester City
100%
2013-14 Manchester City
100%
2017-18 Manchester City
100%
2018-19 Manchester City
100%
2020-21 Manchester City
100%
2021-22 Manchester City
100%
2022-23 Manchester City
100%
2023-24 Manchester City
100%
1992-93 Manchester United
100%
1993-94 Manchester United
100%
1995-96 Manchester United
100%
1996-97 Manchester United
100%
1998-99 Manchester United
100%
1999-00 Manchester United
100%
2000-01 Manchester United
100%
2002-03 Manchester United
100%
2006-07 Manchester United
100%
2007-08 Manchester United
100%
2008-09 Manchester United
100%
2010-11 Manchester United
100%
2012-13 Manchester United
100%
1988-89 Arsenal
80%
1994-95 Blackburn Rovers
80%
1991-92 Leeds United
80%
1987-88 Liverpool
80%
1989-90 Liverpool
80%
1970-71 Arsenal
60%
1980-81 Aston Villa
60%
1971-72 Derby County
60%
1984-85 Everton
60%
1986-87 Everton
60%
1975-76 Liverpool
60%
1976-77 Liverpool
60%
1979-80 Liverpool
60%
1981-82 Liverpool
60%
1982-83 Liverpool
60%
1983-84 Liverpool
60%
1985-86 Liverpool
60%
1960-61 Tottenham Hotspur
60%
1890-91 Everton
40%
1969-70 Everton
40%
1968-69 Leeds United
40%
1973-74 Leeds United
40%
1965-66 Liverpool
40%
1972-73 Liverpool
40%
1978-79 Liverpool
40%
1967-68 Manchester City
40%
1964-65 Manchester United
40%
1966-67 Manchester United
40%
1977-78 Nottingham Forest
40%
1888-89 Preston North End
40%
1889-90 Preston North End
40%
1932-33 Arsenal
20%
1933-34 Arsenal
20%
1934-35 Arsenal
20%
1937-38 Arsenal
20%
1947-48 Arsenal
20%
1959-60 Burnley
20%
1974-75 Derby County
20%
1914-15 Everton
20%
1962-63 Everton
20%
1963-64 Liverpool
20%
1956-57 Manchester United
20%
1891-92 Sunderland
20%
1892-93 Sunderland
20%
1950-51 Tottenham Hotspur
20%
1930-31 Arsenal
0%
1952-53 Arsenal
0%
1893-94 Aston Villa
0%
1895-96 Aston Villa
0%
1896-97 Aston Villa
0%
1898-99 Aston Villa
0%
1899-00 Aston Villa
0%
1909-10 Aston Villa
0%
1911-12 Blackburn Rovers
0%
1913-14 Blackburn Rovers
0%
1920-21 Burnley
0%
1954-55 Chelsea
0%
1927-28 Everton
0%
1931-32 Everton
0%
1938-39 Everton
0%
1923-24 Huddersfield Town
0%
1924-25 Huddersfield Town
0%
1925-26 Huddersfield Town
0%
1961-62 Ipswich Town
0%
1900-01 Liverpool
0%
1905-06 Liverpool
0%
1921-22 Liverpool
0%
1922-23 Liverpool
0%
1946-47 Liverpool
0%
1936-37 Manchester City
0%
1907-08 Manchester United
0%
1910-11 Manchester United
0%
1951-52 Manchester United
0%
1955-56 Manchester United
0%
1904-05 Newcastle United
0%
1906-07 Newcastle United
0%
1908-09 Newcastle United
0%
1926-27 Newcastle United
0%
1948-49 Portsmouth
0%
1949-50 Portsmouth
0%
1897-98 Sheffield United
0%
1929-30 Sheffield Wednesday
0%
1894-95 Sunderland
0%
1901-02 Sunderland
0%
1912-13 Sunderland
0%
1935-36 Sunderland
0%
1902-03 The Wednesday
0%
1903-04 The Wednesday
0%
1928-29 The Wednesday
0%
1919-20 West Bromwich Albion
0%
1953-54 Wolverhampton Wanderers
0%
1957-58 Wolverhampton Wanderers
0%
1958-59 Wolverhampton Wanderers
0%
No matching quizzes found
Score Distribution
Percent of People with Each Score
Percentile by Number Answered
Your Score History
You have not taken this quiz